000 00313nam a2200109 a 4500
005 20140513081051.0
008 020606s19uu xx 00 eng d
050 _aP 307.3
_bCOM
245 _aWe need community helpers, Poster 15 :
_bPlaces around, Poster 30.
650 _aCommunity helpers
_xPoster
999 _c116317
_d116317